Rozpoznaj youtubera po zdjęciu #3 - Statystyki

Ogólne statystyki
  • Ten quiz został rozwiązany 163 razy
  • Średni wynik to 12 z 16
Statystyki odpowiedzi
Obrazkowy Odpowiedź % Poprawnych
Mini Majk
94%
Rezigiusz
94%
Gimper
86%
Hejka tu Lenka
83%
KSIĄŻULO
82%
Murcix
78%
Yoshi
75%
Karolek
72%
Mandzio
72%
deejaypallaside
68%
Remigiusz Maciaszek
65%
Fausti
63%
Sitr0x
61%
Trenuj z Krzychem
61%
Mamiko
54%
Wojan
53%
Nie znaleziono quizów pasujących do podanych kryteriów
Rozkład punktacji
Procent ludzi z każdym wynikiem
Percentyl według liczby udzielonych odpowiedzi
Twoja historia wyników
Nie rozwiązałeś tego quizu